ذاکر صاحب کے خط / (Record no. 172197)

MARC details
000 -LEADER
fixed length control field 00554nam a22001817a 4500
005 - DATE AND TIME OF LATEST TRANSACTION
control field 20200129102730.0
010 ## - LCCN (DPL NO)
LC control number B-24532
020 ## - INTERNATIONAL STANDARD BOOK NUMBER
Terms of availability 125.00
035 ## - SYSTEM CONTROL NUMBER
System control number B-24532
037 ## - SOURCE OF ACQUISITION
Source of stock number/acquisition BPPD/Pub.
082 ## - DEWEY DECIMAL CLASSIFICATION NUMBER
Classification number 846
245 ## - TITLE STATEMENT
Title ذاکر صاحب کے خط /
Statement of responsibility, etc مرتبہ - مختار الد ین احمد
246 ## - VARYING FORM OF TITLE
Title proper/short title Zakir Sahab Ke Khat (Urdu) vol.4 /
Remainder of title by Mukhtaruddin Ahmed
260 ## - PUBLICATION, DISTRIBUTION, ETC. (IMPRINT)
Place of publication, distribution, etc Patna
Name of publisher, distributor, etc Khuda Baksh Oriental Public Library
Date of publication, distribution, etc 1999 ء
270 ## - ADDRESS
Address -
City -
Postal code -
300 ## - PHYSICAL DESCRIPTION
Extent 210p.
Dimensions 22cm(Hb)
942 ## - ADDED ENTRY ELEMENTS (KOHA)
Source of classification or shelving scheme Dewey Decimal Classification
Item type Urdu Bks
Classification part 846
Call number suffix ذ ا ک
Holdings
Withdrawn status Lost status Not for loan Collection code Home library Current library Date acquired Source of acquisition Cost, normal purchase price Full call number Barcode Copy number Cost, replacement price Koha item type
      Non-fiction Central Library Central Library 29/01/2020 BPPD/Ven. 125.00 846 ذ ا ک B-24532 1 125.00 Urdu Bks

© Delhi Public Library
Hit Counter
free hit counter